Luật luật sư 2013 : Đã sửa đổi, bổ sung (có hiệu lực từ 01/07/2013)
Nội dung trình bày đầy đủ Luật luật sư có hiệu lực từ 01.07.2013 đã được sửa đổi, bổ sung.
Αποθηκεύτηκε σε:
| Μορφή: | Βιβλίο |
|---|---|
| Γλώσσα: | Undetermined |
| Έκδοση: |
Tp. HCM
Hồng Đức
2013
|
| Θέματα: | |
| Ετικέτες: |
Προσθήκη ετικέτας
Δεν υπάρχουν, Καταχωρήστε ετικέτα πρώτοι!
|
| Thư viện lưu trữ: | Trung tâm Học liệu Trường Đại học Cần Thơ |
|---|
| LEADER | 00755nam a2200205Ia 4500 | ||
|---|---|---|---|
| 001 | CTU_188077 | ||
| 008 | 210402s9999 xx 000 0 und d | ||
| 020 | |c 32000 | ||
| 082 | |a 347.597 | ||
| 082 | |b L504 | ||
| 245 | 0 | |a Luật luật sư 2013 : | |
| 245 | 0 | |b Đã sửa đổi, bổ sung (có hiệu lực từ 01/07/2013) | |
| 245 | 0 | |c Hoàng Anh hệ thống hóa | |
| 260 | |a Tp. HCM | ||
| 260 | |b Hồng Đức | ||
| 260 | |c 2013 | ||
| 520 | |a Nội dung trình bày đầy đủ Luật luật sư có hiệu lực từ 01.07.2013 đã được sửa đổi, bổ sung. | ||
| 650 | |a Lawyers,Luật sư | ||
| 904 | |i Bằng | ||
| 980 | |a Trung tâm Học liệu Trường Đại học Cần Thơ | ||